[Event "CZE-chT1 9596"]
[Site "Czech Republic"]
[Date "1996.??.??"]
[Round "?"]
[White "Civin, Tomas"]
[Black "Mista, Ladislav"]
[Result "0-1"]
[WhiteElo "2275"]
[BlackElo "2330"]
[PlyCount "68"]
[EventDate "1995.??.??"]
[EventType "team-tourn"]
[EventRounds "11"]
[EventCountry "CZE"]
[SourceTitle "EXT 2000"]
[Source "ChessBase"]
[SourceDate "1999.11.16"]
[SourceVersion "1"]
[SourceVersionDate "1999.11.16"]
[SourceQuality "1"]

1. e4 c5 2. Nf3 d6 3. d4 cxd4 4. Nxd4 Nf6 5. Nc3 Nc6 6. Bg5 e6 7. Qd2 a6 8. 0-0-0 Bd7 9. f3 Be7 10. g4 Nxd4 11. Qxd4 0-0 12. h4 Ne8 13. Bxe7 Qxe7 14. g5 Bc6 15. Bc4 Rd8 16. f4 Nc7 17. Qe3 Rfe8 18. Rhe1 Qf8 19. Qb6 Rd7 20. f5 d5 21. fxe6 fxe6 22. Rf1 Qe7 23. exd5 Nxd5 24. Qd4 Nxc3 25. Qxc3 Bd5 26. Bd3 Rdd8 27. Qe5 Rf8 28. Rxf8+ Qxf8 29. h5 Qd6 30. Qe3 Rf8 31. Be4 Qc6 32. Bxd5 exd5 33. h6 gxh6 34. Rg1 Qg6 0-1

[Event "CZE-chT1 9596"]
[Site "Czech Republic"]
[Date "1996.??.??"]
[Round "?"]
[White "Plesek, Jiri"]
[Black "Mista, Ladislav"]
[Result "1/2-1/2"]
[WhiteElo "2330"]
[BlackElo "2330"]
[PlyCount "28"]
[EventDate "1995.??.??"]
[EventType "team-tourn"]
[EventRounds "11"]
[EventCountry "CZE"]
[SourceTitle "EXT 2000"]
[Source "ChessBase"]
[SourceDate "1999.11.16"]
[SourceVersion "1"]
[SourceVersionDate "1999.11.16"]
[SourceQuality "1"]

1. d4 d5 2. Bg5 Bf5 3. c4 c6 4. Nc3 f6 5. Bf4 e6 6. Qb3 Qb6 7. e3 Nd7 8. Nf3 Qxb3 9. axb3 g5 10. Bg3 Nh6 11. Be2 Nf7 12. 0-0 Bd6 13. Bxd6 Nxd6 14. Nd2 Bg6 1/2-1/2

[Event "CZE-chT1 9596"]
[Site "Czech Republic"]
[Date "1995.??.??"]
[Round "?"]
[White "Mista, Ladislav"]
[Black "Karnik, Pavel"]
[Result "1/2-1/2"]
[WhiteElo "2330"]
[BlackElo "2280"]
[PlyCount "36"]
[EventDate "1995.??.??"]
[EventType "team-tourn"]
[EventRounds "11"]
[EventCountry "CZE"]
[SourceTitle "EXT 2000"]
[Source "ChessBase"]
[SourceDate "1999.11.16"]
[SourceVersion "1"]
[SourceVersionDate "1999.11.16"]
[SourceQuality "1"]

1. d4 Nc6 2. Nf3 d6 3. d5 Ne5 4. Nxe5 dxe5 5. e4 e6 6. Bb5+ Bd7 7. Bxd7+ Qxd7 8. 0-0 Nf6 9. dxe6 Qxe6 10. Qe2 c6 11. Nd2 Bc5 12. Nb3 Bb6 13. Be3 0-0 14. Bxb6 axb6 15. Rfd1 Rfd8 16. Rxd8+ Rxd8 17. Rd1 Rxd1+ 18. Qxd1 Qe7 1/2-1/2

[Event "CZE-chT2"]
[Site "Czech Republic"]
[Date "1995.??.??"]
[Round "?"]
[White "Mozny, Milos"]
[Black "Mista, Ladislav"]
[Result "1/2-1/2"]
[WhiteElo "2435"]
[BlackElo "2330"]
[PlyCount "24"]
[EventDate "1995.??.??"]
[EventType "team"]
[EventRounds "11"]
[EventCountry "CZE"]
[SourceTitle "EXT 1997"]
[Source "ChessBase"]
[SourceDate "1996.11.15"]
[SourceVersion "1"]
[SourceVersionDate "1996.11.15"]
[SourceQuality "1"]

1. d4 Nf6 2. Nf3 g6 3. c4 Bg7 4. g3 0-0 5. Bg2 c6 6. Nc3 d5 7. cxd5 cxd5 8. Ne5 e6 9. 0-0 Nfd7 10. f4 f6 11. Nd3 Nc6 12. e3 f5 1/2-1/2